00781nam a22001937a 450000500170000000800430001702000150006005000220007511000440009724501360014124600570027725000110033426000310034530000280037665000430040465000280044765000530047565000590052820260121134958.0231128b mx |||||||| |||| 00| 0 spa d a968180020604aTD28.A1bS43 19762 aSecretaría de Salubridad y Asistencia10aManual de saneamientob: agua, vivienda y desechosc/ Secretaria de salubridad y Asistencia, Dirección de Ingeniería Sanitaria.14aManual de saneamiento : bvivienda, agua y desechos. a1a ed. aMéxico :bLimusa,c1976. ap. v. :bil. ;c24 cm. 72lembaIngeniería sanitariazMéxico 72lembaAguaxSaneamiento 72lembaViviendaxCondiciones sanitariaszMéxico 72lemba Basuras y aprovechamiento de basuras zMéxico